| 000 | 00552nam a2200193Ia 4500 | ||
|---|---|---|---|
| 003 | GCL | ||
| 008 | 140319s9999 xx 000 0 eng d | ||
| 040 |
_aGCL / _cGCL |
||
| 082 | 0 | 4 |
_a693.5 _bZ R |
| 100 | 1 | _aZAGHLOU, E.R.E | |
| 245 | 1 | 0 |
_aREINFORCED CONCRETE FUNDAMENTALS SOLVED PROBLEMS ON REINFORCED CONCRETE DESIGN / _cZAGHLOU, E.R.E |
| 260 |
_a[S.N] : _bDAR EL - RATEB AL - JAMIAH ، _c1986 |
||
| 300 | _a103 | ||
| 650 | 0 | 4 | _aCIVIL ENGINEERING |
| 650 | 0 | 4 | _aCONSTRUCTION |
| 650 | 0 | 4 | _aCONCRETE |
| 650 | 0 | 4 | _aCONCRETE DESIGN |
| 942 |
_2ddc _cBK |
||
| 999 |
_c15624 _d15624 |
||